[Event "7th Marlboro Classic"]
[Site "Manila PHI"]
[Date "1979.06.28"]
[Round "12"]
[White "Torre, Eugenio"]
[Black "Sampouw, Jacobus Sawandar"]
[WhiteElo "2520"]
[BlackElo "2320"]
[Result "1-0"]
[EventDate "1979.06.15"]
[PlyCount "77"]

1.Nf3 Nf6 2.d4 e6 3.c4 b6 4.a3 d5 5.cxd5 Nxd5 6.e4 Nf6 7.Nc3 Be7 8.Bd3 Bb7
9.O-O Nfd7 10.Bf4 O-O 11.Re1 c6 12.Qe2 Re8 13.Rad1 a5 14.Bb1 Nf8 15.Ba2 
Qc8 16.d5 Bf6 17.dxc6 Bxc6 18.e5 Be7 19.Nd4 Ng6 20.Bg3 Bc5 21.Ne4 Bxe4 22.
Qxe4 Na6 23.Nb5 Rd8 24.Bb1 Rb8 25.h4 Rxd1 26.Rxd1 Nc7 27.Nd6 Qd7 28.h5 Nf8
29.h6 Nd5 30.Qg4 g6 31.Ne4 Qb5 32.Qf3 Be7 33.Ba2 Rd8 34.Bxd5 exd5 35.Nd6 
Bxd6 36.Qf6 Ne6 37.exd6 Qa4 38.Re1 Rd7 39.Be5 1-0

[Event "7th Marlboro Classic"]
[Site "Manila PHI"]
[Date "1979.06.28"]
[Round "12"]
[White "Yap, Andronico"]
[Black "Shaw, Terrey Ian"]
[WhiteElo "2390"]
[BlackElo "2355"]
[Result "1-0"]
[EventDate "1979.06.15"]
[PlyCount "31"]

1.e4 e5 2.Nc3 Bc5 3.g3 Nc6 4.Bg2 Nge7 5.Nge2 O-O 6.O-O a6 7.d3 d6 8.h3 f5 
9.Nd5 Nd4 10.Nxd4 Bxd4 11.Bg5 Rf7 12.Nxe7+ Rxe7 13.c3 Ba7 14.exf5 Bxf5 15.
Qb3+ Kf8 16.Qxb7 1-0

[Event "7th Marlboro Classic"]
[Site "Manila PHI"]
[Date "1979.06.30"]
[Round "13"]
[White "Ardiansyah, Haji"]
[Black "Olafsson, Fridrik"]
[WhiteElo "2380"]
[BlackElo "2555"]
[Result "1/2-1/2"]
[EventDate "1979.06.15"]
[PlyCount "88"]

1.e4 c5 2.Nf3 e6 3.d4 cxd4 4.Nxd4 a6 5.c4 Nf6 6.f3 Nc6 7.Be3 Bb4+ 8.Nc3 d5
9.Nxc6 bxc6 10.cxd5 exd5 11.Qa4 Qd6 12.Bd4 Bd7 13.e5 c5 14.Qxb4 cxb4 15.
exd6 bxc3 16.Bxc3 Be6 17.Bd3 Kd7 18.O-O Kxd6 19.Rfc1 Rhb8 20.f4 Ke7 21.Be5
Rb7 22.Rc6 a5 23.f5 Bd7 24.Rc5 Ng4 25.Rxd5 Nxe5 26.Rxe5+ Kf6 27.Rd5 a4 28.
Rd1 Raa7 29.Re1 Rb6 30.h4 g5 31.hxg5+ Kxg5 32.Bc4 Kf6 33.b3 axb3 34.axb3 
Rab7 35.Re3 Bb5 36.Rh3 Bxc4 37.bxc4 Rb1+ 38.Kh2 Rc1 39.Rh6+ Kg5 40.Rc6 
Rbb1 41.f6+ Kg4 42.Rd4+ Kg5 43.Rcd6 Rh1+ 44.Kg3 Rb3+ 1/2-1/2

[Event "7th Marlboro Classic"]
[Site "Manila PHI"]
[Date "1979.06.30"]
[Round "13"]
[White "Bachtiar, Arovah"]
[Black "Torre, Eugenio"]
[WhiteElo "2365"]
[BlackElo "2520"]
[Result "1/2-1/2"]
[EventDate "1979.06.15"]
[PlyCount "25"]

1.d4 Nf6 2.c4 g6 3.Nc3 d5 4.Nf3 Bg7 5.cxd5 Nxd5 6.e4 Nxc3 7.bxc3 c5 8.Bb5+
Bd7 9.Bxd7+ Nxd7 10.O-O O-O 11.Rb1 Qc7 12.Qe2 Rac8 13.Bg5 1/2-1/2

[Event "7th Marlboro Classic"]
[Site "Manila PHI"]
[Date "1979.06.30"]
[Round "13"]
[White "Keene, Raymond Dennis"]
[Black "Rodriguez, Ruben"]
[WhiteElo "2465"]
[BlackElo "2370"]
[Result "1-0"]
[EventDate "1979.06.15"]
[PlyCount "133"]

1.c4 g6 2.d4 Bg7 3.e4 d6 4.Nc3 e5 5.dxe5 dxe5 6.Qxd8+ Kxd8 7.f4 Nd7 8.Nf3 
c6 9.Be2 f6 10.fxe5 Nxe5 11.Nxe5 fxe5 12.O-O Be6 13.Bg5+ Ke8 14.Rad1 Bh6 
15.Rd6 Bxg5 16.Rxe6+ Ne7 17.Rxe5 Be3+ 18.Kh1 Bd4 19.Rg5 Bxc3 20.bxc3 Rd8 
21.Ra5 a6 22.Rb1 Rf8 23.Kg1 Rd7 24.Bg4 Rc7 25.Rf1 Rxf1+ 26.Kxf1 Kf7 27.Ke2
c5 28.Ke3 Kf6 29.Ra3 Nc6 30.Be2 Ne5 31.Rb3 Ke6 32.Rb1 Rd7 33.Rb6+ Kf7 34.
Kf4 Nc6 35.Bg4 Re7 36.h4 h6 37.Bf3 Kf6 38.e5+ Rxe5 39.Bxc6 Re6 40.Rxb7 g5+
41.hxg5+ hxg5+ 42.Kg4 Rxc6 43.Rh7 Rc8 44.Rh6+ Ke5 45.Rxa6 Ke4 46.Rd6 Ra8 
47.Rd5 Rxa2 48.g3 Rc2 49.Rxg5 Rxc3 50.Rxc5 Kd4 51.Rc8 Ke5 52.Kh4 Kd6 53.
Kg4 Kd7 54.Rc5 Kd6 55.Rd5+ Ke6 56.Rd4 Ke5 57.Rf4 Ke6 58.Re4+ Kf6 59.Kf4 
Rc1 60.g4 Rc3 61.g5+ Kf7 62.Kf5 Rf3+ 63.Rf4 Re3 64.c5 Rc3 65.Ke5+ Kg6 66.
Kd6 Kxg5 67.Rf1 1-0

[Event "7th Marlboro Classic"]
[Site "Manila PHI"]
[Date "1979.06.30"]
[Round "13"]
[White "Sampouw, Jacobus Sawandar"]
[Black "Rogers, Ian"]
[WhiteElo "2320"]
[BlackElo "2390"]
[Result "1-0"]
[EventDate "1979.06.15"]
[PlyCount "119"]

1.e4 c5 2.Nf3 Nc6 3.d4 cxd4 4.Nxd4 g6 5.Nc3 Bg7 6.Be3 Nf6 7.Be2 O-O 8.Qd2 
d5 9.exd5 Nxd5 10.Nxd5 Qxd5 11.Bf3 Qe5 12.Nxc6 bxc6 13.O-O Ba6 14.Rfd1 
Qxb2 15.Bxc6 Rac8 16.Be4 Qe5 17.f3 f5 18.Bd5+ Kh8 19.Bb3 Rcd8 20.Qf2 Qxa1 
21.Rxa1 Bxa1 22.Qe1 Bg7 23.Bxa7 Rd7 24.Bb6 f4 25.c3 Rf5 26.Qe6 Rd1+ 27.
Bxd1 Re5 28.Qxe5 Bxe5 29.Bd4 Bxd4+ 30.cxd4 Kg7 31.Kf2 Kf6 32.Be2 Bc8 33.a4
e5 34.a5 Ke6 35.dxe5 Kxe5 36.a6 Kd4 37.a7 Bb7 38.Ba6 Ba8 39.Ke2 Kc5 40.Bd3
Kb6 41.Be4 Kxa7 42.Kd3 h6 43.h4 Bb7 44.Bxb7 Kxb7 45.Ke4 Kc6 46.Kxf4 Kd5 
47.h5 Ke6 48.hxg6 Kf6 49.g7 Kxg7 50.Kf5 Kf7 51.f4 Kg7 52.g3 Kf7 53.g4 Kg7 
54.Ke6 h5 55.gxh5 Kh6 56.f5 Kg7 57.Ke7 Kh7 58.f6 Kh6 59.f7 Kh7 60.f8=R 1-0

[Event "7th Marlboro Classic"]
[Site "Manila PHI"]
[Date "1979.06.30"]
[Round "13"]
[White "Shaw, Terrey Ian"]
[Black "Maninang, Jesus Rafael"]
[WhiteElo "2355"]
[BlackElo "2310"]
[Result "1/2-1/2"]
[EventDate "1979.06.15"]
[PlyCount "30"]

1.e4 c5 2.Nc3 Nc6 3.g3 g6 4.Bg2 Bg7 5.d3 d6 6.f4 e6 7.Nf3 Nge7 8.O-O O-O 
9.Be3 Nd4 10.Rb1 Rb8 11.Ne2 Nec6 12.c3 Nxf3+ 13.Bxf3 Qe7 14.d4 b6 15.e5 d5
1/2-1/2